| 000 | 02524nam a2200325 a 4500 | ||
|---|---|---|---|
| 008 | 120416s1997 ||||||||||||||||| || u | ||
| 020 | _a0750633654 | ||
| 050 | _aQD 181 Gre | ||
| 100 | _aGreenwood, N. N. (Norman Neill) | ||
| 245 | 1 | 0 | _aChemistry of the elements |
| 250 | _a2nd ed. | ||
| 260 |
_aOxford _bButterworth-Heinemann _c1997. |
||
| 300 | _axxii, 1341 p. : ill. | ||
| 350 | _a0.00 | ||
| 500 | _aBibliography. | ||
| 650 | 0 | _aANALYTICAL CHEMISTRY | |
| 650 | 0 | _aCHEMISTRY--HANDBOOKS, MANUALS, ETC | |
| 995 |
_aBINDERY (DAMAGED) _D0.00 _e730498 _FCBU-MAIN LIBRARY (Kitwe) _H7 _I0.00 _jQD 181 Gre _M7 _UDAMAGED _WMar 9, 2007 _y027332 _ZMain Library Open Access Collection |
||
| 995 |
_aBINDERY (DAMAGED) _D0.00 _e730505 _FCBU-MAIN LIBRARY (Kitwe) _H12 _I0.00 _jQD 181 Gre _M12 _UDAMAGED _WMar 9, 2007 _y027330 _ZMain Library Open Access Collection |
||
| 995 |
_aANNEX COLLECTION (Main Library) _D0.00 _e731646 _FCBU-MAIN LIBRARY (Kitwe) _H5 _I0.00 _jQD 181 Gre _M5 _UAVAILABLE _WMar 9, 2007 _y028808 _ZAnnex Low-Usage Collection |
||
| 995 |
_aMAIN LIBRARY OPEN ACCESS _D0.00 _e730501 _FCBU-MAIN LIBRARY (Kitwe) _H9 _I0.00 _jQD 181 Gre _M9 _UAVAILABLE _WMar 9, 2007 _y027427 _ZMain Library Open Access Collection |
||
| 995 |
_aBINDERY (DAMAGED) _D0.00 _e730499 _FCBU-MAIN LIBRARY (Kitwe) _H11 _I0.00 _jQD 181 Gre _M11 _UDAMAGED _WMar 9, 2007 _y027426 _ZMain Library Open Access Collection |
||
| 995 |
_aBINDERY (DAMAGED) _D0.00 _e730503 _FCBU-MAIN LIBRARY (Kitwe) _H4 _I0.00 _jQD 181 Gre _M4 _UDAMAGED _WJun 28, 2006 _y027429 _ZMain Library Open Access Collection |
||
| 995 |
_aBINDERY (DAMAGED) _D0.00 _e733385 _FCBU-MAIN LIBRARY (Kitwe) _H2 _I0.00 _jQD 181 Gre _M2 _UDAMAGED _WJun 7, 2006 _y45287 _ZMain Library Open Access Collection |
||
| 995 |
_aANNEX COLLECTION (Main Library) _D0.00 _e735374 _FCBU-MAIN LIBRARY (Kitwe) _H8 _I0.00 _jQD 181 Gre _M8 _UAVAILABLE _WMar 9, 2007 _y38448 _ZAnnex Low-Usage Collection |
||
| 995 |
_aBINDERY (DAMAGED) _D0.00 _e730504 _FCBU-MAIN LIBRARY (Kitwe) _H10 _I0.00 _jQD 181 Gre _M10 _UDAMAGED _WMar 9, 2007 _y027329 _ZMain Library Open Access Collection |
||
| 995 |
_aMAIN LIBRARY OPEN ACCESS _D0.00 _e730500 _FCBU-MAIN LIBRARY (Kitwe) _H1 _I0.00 _jQD 181 Gre _M1 _UAVAILABLE _WMay 22, 2006 _y027428 _ZMain Library Open Access Collection |
||
| 995 |
_aBINDERY (DAMAGED) _D0.00 _e733386 _FCBU-MAIN LIBRARY (Kitwe) _H3 _I0.00 _jQD 181 Gre _M3 _UDAMAGED _WJun 7, 2006 _y45213 _ZMain Library Open Access Collection |
||
| 995 |
_aBINDERY (DAMAGED) _D0.00 _e730502 _FCBU-MAIN LIBRARY (Kitwe) _H6 _I0.00 _jQD 181 Gre _M6 _UDAMAGED _WMar 9, 2007 _y027331 _ZMain Library Open Access Collection |
||
| 999 |
_c78204 _d78204 |
||